| 000 | 00373nam a22001457a 4500 | ||
|---|---|---|---|
| 008 | 250709b |||||||| |||| 00| 0 eng d | ||
| 020 | _a9781529020373 | ||
| 050 |
_aPN4193.15 _b.C55 |
||
| 100 | _aCilliers Victoria | ||
| 245 | _aI survived | ||
| 260 |
_aLondon _bPan McMillan _c2020 |
||
| 300 |
_a278 _bill. |
||
| 650 |
_aStory telling _vOral interpretation |
||
| 942 | _cBK | ||
| 999 |
_c4226 _d4226 |
||